The technical manager : how to manage people and make decisions /

Bibliographic Details
Main Author: Baird, Bruce F.
Format: Book
Language:English
Published: Belmont, Calif. : Lifetime Learning Publications, [1983]
Subjects:

MARC

Tag First Indicator Second Indicator Subfields
LEADER 00000pam a2200000 a 4500
001 in00000528331
005 20151013165637.0
008 830126s1983 caua b 00110 eng
010 |a  83000990  
020 |a 0534979254 
035 |a (OCoLC)09254673 
035 |9 ACH0343AM 
039 0 |a 2  |b 3  |c 3  |d 3  |e 3 
040 |a DLC  |c DLC  |d TXA  |d UtOrBLW 
049 |a TXAM 
050 0 0 |a HD31  |b .B323 1983 
082 0 |a 658.4  |2 19 
100 1 |a Baird, Bruce F. 
245 1 4 |a The technical manager :  |b how to manage people and make decisions /  |c Bruce F. Baird. 
264 1 |a Belmont, Calif. :  |b Lifetime Learning Publications,  |c [1983] 
264 4 |c ©1983 
300 |a x, 168 pages :  |b illustrations ;  |c 24 cm. 
336 |a text  |b txt  |2 rdacontent 
337 |a unmediated  |b n  |2 rdamedia 
338 |a volume  |b nc  |2 rdacarrier 
504 |a Includes bibliographical references and index. 
650 0 |a Industrial management. 
999 |a MARS 
999 f f |s 4fb6db9a-8f43-3f8a-8dd2-6dc313c3c623  |i 8eec7006-c6d0-349d-9eae-5f07bb53f84c  |t 0 
952 f f |p ric  |a Texas A&M University  |b Rellis Campus  |c Joint Library Facility  |d Remote Storage  |t 0  |e HD31 .B323 1983  |h Library of Congress classification  |i unmediated -- volume  |m A14807427894 
998 f f |a HD31 .B323 1983  |t 0  |l Remote Storage